000 05988cam a22019094i 4500
003 PE-LiUPU
005 20250813165854.0
008 150706s2007 mx a rb 000 0 spa d
020 _a9789682601767
035 _a(Sirsi) a51307
040 _aPE-LiUPU
_bspa
_cPE-LiUPU
_erda
049 _aPRUA
082 0 4 _a658.5
_bT41
_221
082 0 4 _a658
_bT41 2010
100 1 _aTerry, George R.,
_eautor.
245 1 0 _aPrincipios de administración /
_cGeorge R. Terry ; Stephen G. Franklin.
264 1 _aMéxico :
_bGrupo Editorial Patria,
_c2007.
300 _a747 páginas :
_bilustraciones ;
_c23 centimetros.
336 _atext
_2rdacontent
337 _aunmediated
_2rdamedia
338 _avolume
_2rdacarrier
500 _aTraducción de: Principles of management .
504 _aIncluye bibliografía.
505 0 _aFundamentos para el estudio de la administración -- ¿Qué es la administración y para que estudiarla? -- Evolución histórica de la teoría y práctica de la administración -- Filosofía administrativa en un entorno contemporáneo -- Solución de problemas y toma de decisiones -- Análisis creativo de problemas -- Toma de decisiones administrativas -- Planeación -- Objetivos-proporcionar dirección organizacional -- Planeación administrativa: estrategia y táctica -- Ejecución de los planes administrativos -- Organización -- Estructura y diseño organizacional -- La autoridad y las relaciones organizacionales -- Las organizaciones y el comportamiento dinámico -- Ejecución -- Ejecución de los recursos humanos -- Motivación administrativa -- Dirección -- Comunicación -- Evaluación, desarrollo y compensación -- Control -- Control administrativo -- Controles y auditorías administrativas generales -- Control de operaciones-calidad y cantidad -- Control de operaciones-tiempo y presupuestos -- Aspecto internacional y futuro de la administración -- Administración comparativa -- La administración en el futuro.
526 _aP203
526 _aP200
526 _aSEG65
526 _aSEG64
526 _aSEG63
526 _aSEG62
526 _aSEG61
526 _aSEG60
526 _aSEG59
526 _aSEG58
526 _aSEG57
526 _aSEG56
526 _aSEG55
526 _aSEG54
526 _aSEG53
526 _aSEG52
526 _aSEG51
526 _aSEG50
526 _aSEG49
526 _aSEG48
526 _aSEG47
526 _aSEG46
526 _aSEG24
526 _aSEG23
526 _aSEG22
526 _aSEG21
526 _aSEG20
526 _aSEG19
526 _aSEG18
526 _aSEG17
526 _aSEG16
526 _aSEG14
526 _aSEG13
526 _aSEG12
526 _aSEG11
526 _aSEG10
526 _aSEG09
526 _aSEG06
526 _aSEG05
526 _aSEG04
526 _aSEG03
526 _aSEG02
526 _aSEG68
526 _aSEG66
526 _aSEG45
526 _aSEG25
526 _aSEG01
526 _aP163
526 _aP162
526 _aP161
526 _aP160
526 _aP159
526 _aP158
526 _aP157
526 _aP156
526 _aP155
526 _aP154
526 _aP153
526 _aP152
526 _aP151
526 _aP150
526 _aP149
526 _aP142
526 _aP141
526 _aP140
526 _aP139
526 _aP138
526 _aP137
526 _aP132
526 _aP131
526 _aP130
526 _aP126
526 _aP125
526 _aP124
526 _aP123
526 _aP115
526 _aP122
526 _aP121
526 _aP116
526 _a P114
526 _aP112
526 _aP111
526 _aP104
526 _aP103
526 _aP102
526 _aP101
526 _aP100
526 _aP96
526 _aP95
526 _aP93
526 _aP92
526 _aP91
526 _aP88
526 _aP83
526 _aP82
526 _aP79
526 _aP78
526 _aP75
526 _aP74
526 _aP71
526 _aP69
526 _a P51
526 _aP49
526 _aP48
526 _aP47
526 _aP33
526 _aP31
526 _a P30
526 _aP29
526 _aP27
526 _aP26
526 _aP25
526 _aP24
526 _a P22
526 _aP10
526 _aP09
526 _a P08
526 _aP06
526 _aP05
526 _aP04
526 _aP01
541 _g0001-0035616;
541 _g0001-0035616;
650 0 4 _aAdministración industrial.
_94985
700 1 _aFranklin, Stephen G.,
_eautor.
910 _agl
_bjv
_clch
_d20120813
910 _btqv
_cwelc
_d20180201
942 _2ddc
_cBOOK
949 _a658.5 T41
_wDEWEY
_c1
_i65200
_lCCODEBUL1
_mBUL
_p24.00
_r0
_sY
_tLIBRO
_u2015-07-06
_xFCE
_PP08
_o.STAFF. Colección General
949 _a658.5 T41
_wDEWEY
_c2
_i65201
_lCCODEBUL1
_mBUL
_p24.00
_r0
_sY
_tLIBRO
_u2015-07-06
_xFCE
_PP08
_o.STAFF. Colección General
949 _a658 T41 2010
_wDEWEY
_c1
_iFJ10043
_lCCODEBUJ1
_mBUJ
_p24.00
_r0
_sY
_tBOOK
_u2018-02-01
_xFCE
_PP04
_0COMPRA
_o.STAFF. Colección General Juliaca
994 _aC0
_bPEPRU
596 _a1 3
999 _a658.5 T41
_wDEWEY
_c53826
_i65200
_d53826
_e2017-10-30
_f2021-11-8
_g6
_lCCODEBUL1
_mBUL
_n1
_p24.00
_r0
_sY
_tBOOK
_u2015-7-6
_xFCE
_PP08
_0COMPRA
_o.STAFF. Colección General
999 _a658.5 T41
_wDEWEY
_c2
_i65201
_d2019-1-30
_e2018-8-8
_f2021-11-8
_g6
_lCCODEBUL1
_mBUL
_n4
_p24.00
_q4
_r0
_sY
_tBOOK
_u2015-7-6
_xFCE
_PP08
_0COMPRA
_o.STAFF. Colección General
999 _a658 T41 2010
_wDEWEY
_c1
_iFJ10043
_d2019-9-16
_e2018-11-13
_f2022-1-31
_g3
_lCCODEBUJ1
_mBUJ
_n2
_p24.00
_q5
_r0
_sY
_tBOOK
_u2016-5-25
_xFCE
_PP04
_0COMPRA
_o.STAFF. Colección General Juliaca
980 _81
_gALBERTO SANCHEZ Responsable de Automatización